Five Closest World Capitals by Capital #3 - Statistics

General Stats
  • This quiz has been taken 211 times
    204 since last reset
  • The average score is 28 of 40
Answer Stats
km Capital mi % Correct
732 Washington DC 455
98%
465 London 289
96%
782 Paris 486
93%
759 Amsterdam 471
89%
778 Brussels 483
89%
371 Islamabad 230
89%
2545 Havana 1581
83%
1006 New Delhi 625
83%
197 Sarajevo 122
83%
954 Luxembourg 593
79%
2262 Nassau 1405
79%
2996 Port-au-Prince 1862
76%
316 Budapest 197
75%
349 Georgetown 217
75%
246 Pristina 153
75%
323 Skopje 201
74%
3037 Santo Domingo 1887
73%
504 Kampala 313
72%
752 Tashkent 468
72%
579 Accra 360
70%
756 Kigali 469
70%
282 Podgorica 175
70%
554 Dodoma 344
69%
1038 Bishkek 645
67%
723 Lomé 449
67%
450 Dushanbe 280
64%
739 Ouagadougou 459
62%
880 Port-of-Spain 547
62%
1067 Suva 663
62%
614 Monrovia 382
60%
1148 Apia 713
58%
893 Juba 555
57%
1559 Port Vila 968
57%
942 Bridgetown 585
54%
1000 St George's 621
51%
1520 Nuku'alofa 944
48%
710 Bamako 441
47%
860 Bujumbura 534
46%
1296 South Tarawa 805
43%
1108 Castries 689
41%
No matching quizzes found
Score Distribution
Percent of People with Each Score
Percentile by Number Answered
Your Score History
You have not taken this quiz since the last reset